| 000 | 00868nam a2200265Ia 4500 | ||
|---|---|---|---|
| 003 | OSt | ||
| 005 | 20260409163946.0 | ||
| 008 | 210210b2009 xxu||||| |||| 00| 0 eng d | ||
| 020 | _a9788190832007 | ||
| 040 | _cAL | ||
| 041 | _aHindi | ||
| 082 | _aH891.8 GAYM | ||
| 100 |
_aGAYAKVAD (Jnanraj Kashinat) Psued Rajvansh _dगायकवाड (ज्ञानराज काशीनत)/ राजवंश _9261225 |
||
| 245 |
_aMahamanav: dr. Bhimrav Ramji Ambedkar _bमहामानव डॉ. भीमराव रामजी अम्बेडकर |
||
| 260 |
_aKanpur _bAman Prakashan _c2009 |
||
| 300 | _a397 | ||
| 650 |
_aRamji _9261226 |
||
| 650 |
_aMahamanav: _9261227 |
||
| 650 |
_ada _9261228 |
||
| 650 |
_aBhimrav _9261229 |
||
| 650 |
_aAmbedkar _9261230 |
||
| 690 |
_aHindi Miscellaneous _9261231 |
||
| 906 | _a064011 | ||
| 942 |
_2ddc _cBK |
||
| 999 |
_c139581 _d139581 |
||